ბათუმის შოთა რუსთაველის სახელმწიფო უნივერსიტეტის ბიბლიოთეკა

Оборудование чайных фабрик. (ბიბ.ჩანაწერი № 40746)

000 -LEADER
fixed length control field 00641nam a2200217Ia 4500
001 - CONTROL NUMBER
control field 7385
003 - CONTROL NUMBER IDENTIFIER
control field GE_BSU
008 - FIXED-LENGTH DATA ELEMENTS--GENERAL INFORMATION
fixed length control field 181216s||||||||xx |||||||||||||| ||und||
040 ## - CATALOGING SOURCE
Transcribing agency GE_BSU
080 ## - UNIVERSAL DECIMAL CLASSIFICATION NUMBER
Universal Decimal Classification number 663.9(075.32)
100 ## - MAIN ENTRY--PERSONAL NAME
Personal name Джомарджидзе,Г.С.
245 ## - TITLE STATEMENT
Title Оборудование чайных фабрик.
245 ## - TITLE STATEMENT
Remainder of title Учебник.
245 ## - TITLE STATEMENT
Statement of responsibility, etc. Ред. Е.Ф.Маслова.
260 ## - PUBLICATION, DISTRIBUTION, ETC.
Place of publication, distribution, etc. М.
260 ## - PUBLICATION, DISTRIBUTION, ETC.
Name of publisher, distributor, etc. Пищепромиздат.
260 ## - PUBLICATION, DISTRIBUTION, ETC.
Date of publication, distribution, etc. 1954.
300 ## - PHYSICAL DESCRIPTION
Extent 279стр. 22 см. с илл. библиогр.:стр.275.
653 ## - INDEX TERM--UNCONTROLLED
Uncontrolled term Оборудование чайных фабрик.
942 ## - ADDED ENTRY ELEMENTS (KOHA)
Koha item type წიგნი
ეგზემპლარები
Withdrawn status Lost status Damaged status Not for loan Date acquired Barcode Date last seen Price effective from Koha item type
        2018-12-17 12101 2018-12-17 2018-12-17 წიგნი